000 00371nam a22001097a 4500
082 _a294
100 _aसिंह प्रभाकर
_980119
245 _aभारतीय भाषाओं में रामकथा
260 _aदिल्‍ली
_bलेखश्री पब्लिकेशन
_c2019
650 _aधर्म
_980120
942 _cBK
999 _c63587
_d63587